000 00818cab a2200313 4500
001 ABS49672
008 090401t1993 xxu||||| |||| 00| 0 eng d
035 _a(Sirsi) u72268
041 _aeng
245 _aEurope at leisure: building castles in the air?
260 _c1993
350 _a0
490 _aEuroProperty
_vNovember 1993, 8-12(5)
520 _aA review of the leisure market in France, the UK and Spain.
650 _aBATTERSEA POWER STATION
650 _aEURODISNEY
650 _aEUROPE
650 _aFRANCE
650 _aHOTELS
650 _aLEGOLAND
650 _aLEISURE DEVELOPMENT
650 _aSECOND HOMES
650 _aTHEME PARKS
650 _aWINDSOR SAFARI PARK
690 _aLEISURE AND RECREATION
690 _aOVERSEAS-EUROPE
942 _n0
948 _c04/03/1997
999 _c45638
_d45638